• 首页
  • 本馆介绍
  • 公告通知
  • 最新文献
  • 馆藏检索
  • 电子资源
  • 读者导购
  • 参考咨询
  • 我的图书馆
  • 登录
  • 详细信息显示
  • 放入我的书架
  • 预约/预借图书
  • 作者相关作品
  • 分类相关作品
  • 丛书相关作品
  • 出版社相关作品

书目信息

  • 表格格式
  • 工作单格式
  • 卡片格式
题名:
值班机工业务
    
 
作者: ;中国海事服务中心 组织编写
分册:  
出版信息: 大连   大连海事大学出版社  2012
页数: 514页
开本: 26cm
丛书名:
单 册:
中图分类: U676.4
科图分类:
主题词: 海船--轮机管理--职业培训--教材
电子资源:
ISBN: 978-7-5632-2723-5
000 01023nam0 2200241 450
001 0102501259
005 20121108150301.0
010    @a978-7-5632-2723-5@dCNY98.00
100    @a20121023d2012 em y0chiy0120 ea
101 0  @achi
102    @aCN@b210000@b110000
105    @aa z 000yy
106    @ar
200 1  @a值班机工业务@9Zhi Ban Ji Gong Ye Wu @f中国海事服务中心组织编写@b专著
210    @a大连@c大连海事大学出版社@a北京@c人民交通出版社@d2012
215    @a514页@c图@d26cm
300    @a中华人民共和国海船船员适任考试培训教材 轮机专业
330    @a本书根据STCW国际公约马尼拉修正案和2011年颁布的“11规则”的要求和相应的海船值班机工考试大纲编写,全书分上下两篇,第一篇为值班机工业务,第二篇为设备拆装与操作,理论与实际相结合,通俗易学,可作为海船值班机工适任考试培训教材和轮机船员业务学习用书。
606 0  @a海船@x轮机管理@x职业培训@j教材
690    @aU676.4@v5
711 02 @a中国海事服务中心@4组织编写@9zhong guo hai shi fu wu zhong xin
801  0 @aCN@bAZmarc@c20230903
905    @aBZT@dU676.4@e10@f1@sU676.4/10
    
    值班机工业务/中国海事服务中心组织编写.-大连:大连海事大学出版社;北京:人民交通出版社,2012
    514页:图;26cm
    中华人民共和国海船船员适任考试培训教材 轮机专业
    
    ISBN 978-7-5632-2723-5:CNY98.00
    本书根据STCW国际公约马尼拉修正案和2011年颁布的“11规则”的要求和相应的海船值班机工考试大纲编写,全书分上下两篇,第一篇为值班机工业务,第二篇为设备拆装与操作,理论与实际相结合,通俗易学,可作为海船值班机工适任考试培训教材和轮机船员业务学习用书。
●
相关链接 在五车中查询图书 在当当中查询图书 在豆瓣中查询图书


正题名:值班机工业务     索取号:U676.4/10         预约/预借

序号 登录号 条形码 馆藏地/架位号 状态 备注
1 2000031483   2000031483   旧书回溯/ [索取号:U676.4/10] 在馆    
山东省滨州职业学院图书馆 欢迎您!
大连网信软件有限公司© 版权所有